000
00283nam a22001217a 4500
008
180820b xxu||||| |||| 00| 0 eng d
041
_a
eng
080
_a
328
100
_a
19
101
_a
POL
245
_a
POLITICAL AND SOCIAL UPEAVAL 1832 1852
_c
TORCHBOOKS.H
942
_2
udc
_c
BK
999
_c
47214
_d
47214